Car Quiz (Opel Edition) - Statistics

General Stats
  • This quiz has been taken 207 times
    202 since last reset
  • The average score is 8 of 18
Answer Stats
Picture Hint Answer % Correct
1998 - 2004 Astra
81%
2000 - 2006 Corsa
79%
2005 - 2011 Zafira
76%
2012 - present Mokka X
64%
1995 - 2002 Vectra
61%
2013 - present Adam
57%
2003 - 2010 Meriva
51%
2001 - 2011 Combo
46%
1999 - 2003 Frontera
43%
1965 - 1973 Kadett
42%
2001 - 2014 Vivaro
41%
1975 - 1981 Ascona
37%
2015 - present Karl
36%
1970 - 1975 Manta
33%
2006 - 2015 Antara
28%
1998 - 2010 Movano
28%
1958 - 1959 Kapitän
24%
1996 - 1999 Sintra
18%
No matching quizzes found
Score Distribution
Percent of People with Each Score
Percentile by Number Answered
Your Score History
You have not taken this quiz since the last reset